Thời hiệu, thừa kế và thực tiễn xét xử

Guardat en:
Dades bibliogràfiques
Autor principal: Tưởng Duy Lượng
Format: Llibre
Idioma:Vietnamese
Publicat: H. Tư pháp 2020
Edició:Tái bản lần thứ 1, có sữa đổi, bổ sung
Matèries:
Etiquetes: Afegir etiqueta
Sense etiquetes, Sigues el primer a etiquetar aquest registre!
Thư viện lưu trữ: Thư viện Trường Đại học Nam Cần Thơ
LEADER 01535nam a22002297a 4500
001 NCT_91771
008 211009b xxu||||| |||| 00| 0 vie d
999 |c 4533  |d 4533 
020 |a 9786048118082  |c 280000 
082 0 4 |2 23rd ed.  |a 346.59705  |b L561 
100 1 |a Tưởng Duy Lượng 
245 1 0 |a Thời hiệu, thừa kế và thực tiễn xét xử  |c Tưởng Duy Lượng 
250 |a Tái bản lần thứ 1, có sữa đổi, bổ sung 
260 |a H.  |b Tư pháp  |c 2020 
300 |a 610 tr.  |c 24cm 
500 3 |a Nội dung sách giới thiệu về tranh chấp quyền sử dụng đất, thời hiệu khởi kiện thuộc pháp luật nội dung hay pháp luật tố tụng, quy định của Bộ luật dân sự và thực tiễn áp dụng quy định về bắt đầu lại thời thiệu khởi kiện vụ án thừa kế,.... 
653 |a Luật học 
942 |2 ddc  |c BK 
952 |0 0  |1 0  |2 ddc  |4 0  |6 346_597050000000000_L561  |7 0  |9 21570  |a 000001  |b 000001  |d 2021-10-09  |o 346.59705 L561  |p MD.18907  |r 2021-10-09  |v 280000.00  |w 2021-10-09  |y BK 
952 |0 0  |1 0  |2 ddc  |4 0  |6 346_597050000000000_L561  |7 0  |9 21571  |a 000001  |b 000001  |d 2021-10-09  |o 346.59705 L561  |p MD.18908  |r 2021-10-09  |v 280000.00  |w 2021-10-09  |y BK 
952 |0 0  |1 0  |2 ddc  |4 0  |6 346_597050000000000_L561  |7 0  |9 21572  |a 000001  |b 000001  |d 2021-10-09  |o 346.59705 L561  |p MD.18909  |r 2021-10-09  |v 280000.00  |w 2021-10-09  |y BK 
980 |a Thư viện Trường Đại học Nam Cần Thơ